Netter's Atlas of Neuroscience (Record no. 144)

MARC details
000 -LEADER
fixed length control field 00886cam a22003134a 4500
001 - CONTROL NUMBER
control field 15598111
003 - CONTROL NUMBER IDENTIFIER
control field OSt
005 - DATE AND TIME OF LATEST TRANSACTION
control field 20180419130550.0
008 - FIXED-LENGTH DATA ELEMENTS--GENERAL INFORMATION
fixed length control field 090123s2010 paua 001 0 eng
010 ## - LIBRARY OF CONGRESS CONTROL NUMBER
LC control number 2009002530
016 7# - NATIONAL BIBLIOGRAPHIC AGENCY CONTROL NUMBER
Record control number 101494245
Source DNLM
020 ## - INTERNATIONAL STANDARD BOOK NUMBER
International Standard Book Number 9781416054184
020 ## - INTERNATIONAL STANDARD BOOK NUMBER
International Standard Book Number 1416054189
035 ## - SYSTEM CONTROL NUMBER
System control number (OCoLC)ocn300396898
040 ## - CATALOGING SOURCE
Original cataloging agency DNLM/DLC
Transcribing agency DLC
Modifying agency YDX
-- BTCTA
-- YDXCP
-- NLM
-- CDX
-- DLC
042 ## - AUTHENTICATION CODE
Authentication code pcc
050 00 - LIBRARY OF CONGRESS CALL NUMBER
Classification number QM451
Item number .F44 2010
082 00 - DEWEY DECIMAL CLASSIFICATION NUMBER
Classification number WL 100 F341n 2010
100 1# - MAIN ENTRY--PERSONAL NAME
Personal name Felten, David L.; Anil N. Shetty
9 (RLIN) 378
245 10 - TITLE STATEMENT
Title Netter's Atlas of Neuroscience
250 ## - EDITION STATEMENT
Edition statement 2nd ed.
260 ## - PUBLICATION, DISTRIBUTION, ETC. (IMPRINT)
Place of publication, distribution, etc. Philadelphia, PA :
Name of publisher, distributor, etc. Saunders,
Date of publication, distribution, etc. 2010.
300 ## - PHYSICAL DESCRIPTION
Extent xviii, 438 p. :
Other physical details col.ill. ;
Dimensions 28 cm.
504 ## - BIBLIOGRAPHY, ETC. NOTE
Bibliography, etc Includes index.
650 #0 - SUBJECT ADDED ENTRY--TOPICAL TERM
Topical term or geographic name as entry element Nervous system
9 (RLIN) 379
650 #0 - SUBJECT ADDED ENTRY--TOPICAL TERM
Topical term or geographic name as entry element Atlas
9 (RLIN) 9564
906 ## - LOCAL DATA ELEMENT F, LDF (RLIN)
a 7
b cbc
c orignew
d 1
e ecip
f 20
g y-gencatlg
942 ## - ADDED ENTRY ELEMENTS (KOHA)
Source of classification or shelving scheme Other/Generic Classification Scheme
Koha item type Book Bank
Holdings
Withdrawn status Lost status Source of classification or shelving scheme Damaged status Not for loan Home library Current library Date acquired Source of acquisition Inventory number Total Checkouts Full call number Barcode Date last seen Koha item type
    Other/Generic Classification Scheme     MUST Main Library MUST Main Library 08/07/2014   12/36317   WL 100 F341n 2010 2014-0345 08/07/2014 Book Bank
    Other/Generic Classification Scheme     MUST Main Library MUST Main Library 08/07/2014   12/36318   WL100 F341n 2010 2014-0346 08/07/2014 Book Bank
    Other/Generic Classification Scheme     MUST Main Library MUST Main Library 08/07/2014   12/36316   WL100 F341n 2010 2014-0347 08/07/2014 Book Bank
    Other/Generic Classification Scheme     MUST Main Library MUST Main Library 08/07/2014   12/36314   WL100 F341n 2010 2014-0348 08/07/2014 Book Bank
    Other/Generic Classification Scheme     MUST Main Library MUST Main Library 16/06/2015   15/39087   WL100 F341n 2010 2015-1921 16/06/2015 Open Shelf